Normal view
MARC view
Entry Personal Name
001 - CONTROL NUMBER
- control field: 67722
003 - CONTROL NUMBER IDENTIFIER
- control field: PH-BoMPS
005 - DATE AND TIME OF LATEST TRANSACTION
- control field: 20230210092755.0
008 - FIXED-LENGTH DATA ELEMENTS
- fixed length control field: 230210|| aca||aabn | a|a d
040 ## - CATALOGING SOURCE
- Original cataloging agency: PH-BoMPS
- Transcribing agency: PH-BoMPS
100 ## - HEADING--PERSONAL NAME
- Personal name: Alva, Zyndy K
670 ## - SOURCE DATA FOUND
- Source citation: Work cat.: (PH-BoMPS)68435: Alva, Zyndy K. , Cultural implications and preservation of traditional attire of Central Bontoc/